| 000 | 00362nam a22001217a 4500 | ||
|---|---|---|---|
| 008 | 140821b xxu||||| |||| 00| 0 eng d | ||
| 020 | _a9780192802835 | ||
| 050 | _aQ175.O4555 2002 | ||
| 100 |
_aOkasha ,Samir _911017 |
||
| 245 |
_aPhilosophy of science _ba very short introduction _cSamir Okasha |
||
| 260 |
_aNew York _bOxford University Press _c2002 |
||
| 999 |
_c120771 _d120771 |
||